| 000 | 00956cam a22002651i 4500 | ||
|---|---|---|---|
| 003 | SA-RiAUC | ||
| 005 | 20250203072859.0 | ||
| 008 | 250129s2004 ua g 000 0 ara c | ||
| 020 | _a9773221369 | ||
| 040 |
_aJO-IrYU _bara _cSA-RiAUC _erda |
||
| 043 |
_aa-su--- _af-ua--- |
||
| 082 | 0 | 4 | _a327.62 |
| 090 |
_a327.62 _bس ا ل |
||
| 100 | 1 |
_aسالم، محمد صلاح _eمؤلف. |
|
| 245 | 1 | 2 |
_aالعلاقات المصرية السعودية في نصف قرن 1900-1950 / _cمحمد صلاح سالم. |
| 264 | 1 |
_aالقاهرة : _bعين، _c2004 |
|
| 300 |
_a126 صفحة ؛ _c24 سم |
||
| 336 |
_aنص _btxt _2rdacontent _3كتاب |
||
| 337 |
_aبدون وسيط _bn _2rdamedia |
||
| 338 |
_aمجلد _bnc _2rdacarrier |
||
| 651 | 7 |
_aمصر _xعلاقات خارجية _zالسعودية _2aucsh |
|
| 651 | 7 |
_aالسعودية _xعلاقات خارجية _zمصر _2aucsh |
|
| 942 |
_2ddc _cBOOK _n0 |
||
| 949 |
_aSA-JeALM _d250129 _umohamedma123 _n1 |
||
| 999 |
_c5518 _d5518 |
||